01473nam a2200349Ia 4500003001000000005001700010007000300027008004100030020001800071040003500089041000800124082001800132100001600150245005600166250001800222264003000240300003900270336002700309337003300336338002800369650002700397650002500424650003400449650003400483700004500517942001200562999001500574952011900589952014200708952014000850952013300990CO-BoRNBP20230629160435.0ta170503s2007 s a g 000 0 s  a9788426127952 aCO-BoRNBPbspaerdacCO-BoRNBP aspa04a395.122bA43m1 aAliki9263900aModalescAliki ; traducción Concepción Zendrera a4a. edición aBarcelonabJuventudc2007 a30 páginasbilustracionesc26 cm atextobtxt2rdacontent asin mediaciónbn2rdamedia avolumenbnc2rdacarrier142LEMBaCortesía92640142LEMBaEtiqueta92641142LEMBaUsos y costumbres92642142LEMBaConducta (Ética)91491 aZendrera, Concepciónetraductora92643 2ddccBK c9674d9674 00102ddc40708INFaMECUBARRbMECUBARRcSInfd2023-06-29l0pCUB00004r2023-06-29 00:00:00tEj.1w2023-06-29yBK 001040708InfPoTiaMEVIGERRbMEVIGERRcSInfd2004-07-08o395.122 A43mpECA14958r2024-11-25 15:05:46tEj.1w2024-11-25yBKz1670 | 1998 001040708InfPoTiaMEVIGERRbMEVIGERRcSInfd2014-05-21o395 B71mpECA22575r2024-11-25 15:05:46tEj.1w2024-11-25yBKz16748 | 21612 00102ddc40708INFaMESJUANIbMESJUANIcSInfd2024-12-26l0o395.122 A43mpSJU01069r2024-12-26 14:41:36tEj.1w2024-12-26yBK